1837 1934 1373 1246 1179 1527 1549 1434 1835 1519 1514 1411 1684 1198 1299 1495 1367 1407 1991 1836 1781 1078 1015 1519 1281 1882 1604 1365 1070 1486 1488 1506 1410 1594 1567 1571 1793 1679 1161 1658 1234 1237 1832 1125 1166 1273 1592 1508 1693 1403 1532 1608 1624 1132 1484 1228 1329 1557 1067 1064 1293 1889 1117 1887 1499 1070 1264 1356 1966 1674 1278 1168 1367 1769 1407 1669 1171 1585 1955 1098 1762 1485 1848 1915 1329 1263 1491 1214 1157 1292 1817 1264 1519 1276 1320 1928 1544 1108 1253 BCNSPRNW ULIB Ver.6.0+V

เปลี่ยนเป็นภาษาไทย

Change to English
 แสดงรายละเอียดบรรณานุกรม
  กลับหน้าหลัก

Brief Record : Get Marc (ISO 2709) : E-mail record : QR code < ปิดหน้าต่าง
LEADER : 00000nam 2200000uu 4500
001    13399125102
003     ULIB
008    160624s2016||||th 000 0 eng d
020    9780323321907
060  4 QV4^bB974L
100 1  ฺีฺิBurchum, Rosenjack Jacqueline and Rosenthal, Laura D.
245 00 Lehne's Pharmacology for nursing care ^cฺBurchum, Rosenjack Jacqueline and Rosenthal, Laura D.
260    St.Louis, Missouri:^bElsevier,^c2016
300    1414 pp
650  0 Pharmacology-Nurses
650  0 Drug Therapy--Nurses
945    ^p0^l0^i001343
999    ^aเกษร โพธิ์สุวรรณ
รายการนี้ยังไม่มีแท็ก
คุณยังไม่ได้ล็อกอิน คุณสามารถมีกิจกรรมร่วมกับเว็บไซต์ได้ แต่ต้องล็อกอินก่อน ::
  ล็อกอิน

รายการสื่อสารสนเทศ

ลำดับที่ ประเภท เลขเรียก/บาร์โค้ด สถานที่ สถานะ
1. วิทยาศาสตร์การแพทย์ และสุขภาพ
วิทยาศาสตร์การแพทย์ และสุขภาพ
QV4 B974L ฉ.1 
  Barcode: 001343
ห้องสมุดวิทยาเขตสวรรค์ประชารักษ์
►หนังสือทั่วไป
บนชั้น

BibComment


ยังไม่เคยถูกคอมเมนท์

คอมเมนท์ทรัพยากรรายการนี้
  คอมเมนท์: Lehnes Pharmacolo..


 Copyright 2026. Bcnsprnw @Library